MARC

Tag First Indicator Second Indicator Subfields
LEADER 00000cam a2200000 a 4500
001 in00000007409
005 20151005080008.0
008 850822m19849999cau s10000 eng
010 |a  85196219  
020 |a 0892151242 (pbk. : v. 1) 
035 |a (OCoLC)12885149 
035 |9 AAA1901AM 
040 |a DLC  |c DLC  |d TXA  |d UtOrBLW 
043 |a n-us--- 
049 |a TXAM  |v 2 [A10981140] 
050 0 0 |a HF5549  |b .H7843 1984 
082 0 |a 658.3  |2 19 
245 0 0 |a Human resource management and productivity :  |b state of the art and future prospects /  |c Eric G. Flamholtz and T.K. Das, editors. 
264 1 |a Los Angeles, Calif. :  |b Institute of Industrial Relations Extension, Business and Management Dept., University of California, Los Angeles,  |c [1984-] 
264 4 |c ©1984- 
300 |a volumes ;  |c 22 cm. 
336 |a text  |b txt  |2 rdacontent 
337 |a unmediated  |b n  |2 rdamedia 
338 |a volume  |b nc  |2 rdacarrier 
490 1 |a Monograph and research series ;  |v 39, 40 
500 |a Papers presented at the Human Resource Management and Productivity Improvement Conference, held May 1982 at Los Angeles, and co-sponsored by UCLA's Graduate School of Management, Institute of Industrial Relations, and University Extension. 
505 1 |a 1. Focus on the United States -- 2. International perspectives. 
650 0 |a Personnel management  |v Congresses. 
650 0 |a Labor productivity  |v Congresses. 
650 0 |a Personnel management  |z United States  |x Congresses. 
650 0 |a Labor productivity  |z United States  |x Congresses. 
700 1 |a Flamholtz, Eric. 
700 1 |a Das, T. K. 
711 2 |a Human Resource Management and Productivity Improvement Conference  |d (1982 :  |c Los Angeles, Calif.) 
710 2 |a University of California, Los Angeles.  |b Graduate School of Management. 
710 2 |a University of California, Los Angeles.  |b University Extension. 
830 0 |a Monograph and research series (University of California, Los Angeles. Institute of Industrial Relations) ;  |v 40. 
999 |a MARS 
999 f f |s 5be6e475-26a5-33f3-8b1d-6963423c664b  |i 0d5508a6-0fad-329c-8f28-c8ba4bd71158  |t 0 
952 f f |p ric  |a Texas A&M University  |b Rellis Campus  |c Joint Library Facility  |d Remote Storage  |t 0  |e HF5549 .H7843 1984  |h Library of Congress classification  |i unmediated -- volume  |k v.2  |m A14810981140 
998 f f |a HF5549 .H7843 1984  |s v.2  |t 0  |l Remote Storage